| 000 | 00682nam a2200217 a 4500 | ||
|---|---|---|---|
| 001 | 2919 | ||
| 003 | CDMR | ||
| 005 | 20131217155642.0 | ||
| 008 | 130130s2002||||esp1 gr|||| 001|0dspa d | ||
| 020 | _a8497340388 | ||
| 024 |
_2DL _aM119322002 |
||
| 040 |
_aCDMR _bcat _cCDMR |
||
| 100 | 1 |
_aFuentes, Julio _92144 |
|
| 245 | 1 | 0 |
_aMorir para contarlo _b: las mejores crónicas del reportero de El Mundo asesinado en Afganistán _cJulio Fuentes |
| 260 |
_aMadrid _c2002 _bLa esfera de los libros |
||
| 300 |
_a462p ; _c24 cm |
||
| 600 | 1 |
_92144 _aFuentes, Julio _vRecull d'escrits |
|
| 650 | 0 | 4 |
_92560 _aCorresponsals de guerra |
| 650 | 0 | 4 |
_93583 _aGuerra d'Afganistan, 2001- |
| 942 |
_cMON _2udc |
||
| 999 |
_c2919 _d2919 |
||